| 000 | 00501nam a22001817a 4500 | ||
|---|---|---|---|
| 003 | OSt | ||
| 005 | 20250723164129.0 | ||
| 008 | 250723b |||||||| |||| 00| 0 eng d | ||
| 020 | _a978-1-933107-82-0 | ||
| 040 | _cCHUKA UNIRVESTY LIBRARY | ||
| 100 |
_aAUAREY KINAPPA & SHERLY SOMMER _920413 |
||
| 245 | _aRN NURSING CARE OF CHILDREN | ||
| 260 | _aASSESSMENT TECHNOLOGIES | ||
| 300 |
_a495p _bcontain reference |
||
| 650 |
_aNursing _98975 |
||
| 700 |
_aSUSAN ADCOCK _920414 |
||
| 942 |
_2lcc _cBK _e8 _n0 |
||
| 999 |
_c19907 _d19907 |
||